000 01144nam a2200325 a 4500
001 000115861
003 CHAP
005 20220329144551.0
008 190716s2019 mx a |sm |||||||spa d
010 _a112322
011 _a113294
040 _cCHAP
090 _aTesis
100 1 _aAmador Atlahua, Luisa.
_9136509
245 1 0 _aManejo nitrimental del café bajo sombra y calidad sensorial en Coatepec, Veracruz
_h[En línea]
_cpor Luisa Amador Atlahua.
260 _aChapingo, Méx. :
_bEl autor,
_c2019.
500 _aPara ver el contenido del material haga clic en la liga
502 _aTesis (M.C. en Agroforestería para el Desarrollo Sostenible) -- UACH. Departamento
590 _aBATCH-UPD
_b05
_c20190716
_lUCH01
_h1444
590 _aE6339RRR
_b05
_c20190716
_lUCH01
_h1444
590 _aE6339RRR
_b05
_c20190716
_lUCH01
_h1444
650 1 4 _aCafé
_xCalidad.
_917114
650 1 4 _aCafé
_xRendimiento.
_917196
650 1 4 _aPlantas
_xNutrición.
_988874
650 1 4 _aSuelos
_xNutrición.
_9133360
856 _aFinding aid
_uhttp://10.13.5.2/tesis/sist115861.pdf
_zTeclea aquí
901 _aBK
942 _cTESIS
942 _n0
999 _c112322
_d112322